Cinéma en images par lettres - K - Statistiques

Statistiques générales
  • Ce quiz a été pris 278 fois
  • Le résultat moyen est 13 sur 24
Statistiques - réponses
Par images Hint Réponse % Correct
Personnage Kirikou
99%
Film Kill Bill
96%
Franchise Kung Fu Panda
95%
Personnage King Kong
94%
Film Kaamelott - Premier volet
79%
Film Karaté Kid
78%
Marque Kodak
74%
Film Kuzco, l'empereur mégalo
73%
Film Kingsman
68%
Actrice Nicole Kidman
68%
Réalisateur Stanley Kubrick
65%
Acteur/Réalisateur Mathieu Kassovitz
59%
Film Kiki, la petite sorcière
57%
Actrice Keira Knightley
50%
Actrice Sandrine Kiberlain
48%
Actrice Grace Kelly
32%
Film Killers of the Flower Moon
32%
Acteur Reda Kateb
27%
Réalisateur Akira Kurosawa
22%
Acteur/Réalisateur Buster Keaton
20%
Genre Kaiju
20%
Acteur Takeshi Kitano
13%
Acteur Daniel Kaluuya
9%
Invention Kinétoscope
5%
Aucun quiz correspondant
Distribution des résultats
% des personnes avec chaque résultat
Percentile par nombre de réponses
Votre historique - résultats
Vous n’avez pas pris ce quiz